000 00619nam a22001937a 4500
005 20220825122623.0
008 220825b mx ||||| |||| 00| 0 spa d
020 _a9707126418
050 0 4 _aKGF2560.A67
_bA98 2006
100 1 _aAzuela Güitrón, Mariano,
_eautor
245 1 0 _aMariano Azuela Güitrón.
250 _a1a ed.
260 _aMéxico :
_bSuprema Corte de Justicia de la Nación,
_cc2006
300 _a394 p. ;
_c22 cm.
500 _aConferencias realizadas en : (2004)
650 7 _2Jueces
_zMéxico
650 7 _2lemb
_aPoder judicial
_vEnsayos, conferencias, etc.
_zMéxico
942 _2lcc
_cLIB
999 _c163933
_d163931